Littérature commençant par la lettre P - Statistiques

Statistiques générales
  • Ce quiz a été pris 2 563 fois
  • Le résultat moyen est 13 sur 20
Statistiques - réponses
Indices Réponses % Correct
Enfant qui ne voulait pas grandir Peter Pan
97%
Certains incultes ne le connaissent que pour sa madeleine Marcel Proust
96%
Plus grand détective fictif créé par Agatha Christie Hercule Poirot
92%
Seul druide connaissant la formule de la Potion Magique Panoramix
90%
Chien de Mickey Mouse Pluto
88%
Oscar Wilde fait celui de Dorian Gray Portrait
88%
La Gloire de mon père, Le Château de ma mère, ... Marcel Pagnol
87%
Sa force lui vient des épinards Popeye
84%
Sorcier ennemi de Lord Voldemort Harry Potter
83%
Mathématicien, physicien, philosophe,... français connu pour ses Pensées Blaise Pascal
74%
Elle fut enlevée par Hadès Persèphone
69%
Tête de file des Modernes en 1687, il est surtout célèbre pour ses retranscriptions de contes Charles Perrault
61%
Canard créé par Carl Barx inspiré par Ebenezer Scrooge Balthazar Picsou
55%
Série de cinq romans de Rick Riordan basée sur la mythologie grecque Percy Jackson
43%
Poète français connu pour son recueil Paroles Jacques Prévert
41%
Mouvement poétique français de la deuxième moitié du XIXème siècle Parnasse
38%
Divinités romaines représentant le destin Parques
27%
Auteur de la trilogie A la croisée des mondes Philip Pullman
22%
Écrivain français portant le même nom qu'un physiologiste russe Franck Pavloff
8%
Poète dont l'œuvre fut en partie reprise d'Esope et l'a été par La Fontaine Phèdre
8%
Aucun quiz correspondant
Distribution des résultats
% des personnes avec chaque résultat
Percentile par nombre de réponses
Votre historique - résultats
Vous n’avez pas pris ce quiz